Central Library OPAC University of Rajshahi

Economic development of modern Malaya / (Record no. 2589)

MARC details
000 -LEADER
fixed length control field 00775nam a22002531 4500
001 - CONTROL NUMBER
control field 2589
003 - CONTROL NUMBER IDENTIFIER
rucl marc code BD-RjUL
005 - DATE AND TIME OF LATEST TRANSACTION
control field 20211208233602.0
008 - FIXED-LENGTH DATA ELEMENTS--GENERAL INFORMATION
fixed length control field 131212s1967 my abf b 000 0 eng
035 ## - SYSTEM CONTROL NUMBER
System control number (BD-RjUL)2616
040 ## - CATALOGING SOURCE
Original cataloging agency DLC
Transcribing agency DLC
Modifying agency DLC
-- BD-RjUL
Language of cataloging eng
041 ## - LANGUAGE CODE
Language code of text/sound track or separate title eng
082 00 - DEWEY DECIMAL CLASSIFICATION NUMBER
Classification number 330.9595
Author mark and year CHE 1967
100 1# - MAIN ENTRY--PERSONAL NAME
Personal name Chong-Yah, Lim,
9 (RLIN) 8376
245 10 - TITLE STATEMENT
Title Economic development of modern Malaya /
Statement of responsibility, etc. Lim Chong-Yah.
260 ## - PUBLICATION, DISTRIBUTION, ETC. (IMPRINT)
Place of publication, distribution, etc. Kuala Lumpur,
-- London,
-- New York [etc.]
Name of publisher, distributor, etc. Oxford U.P.,
Date of publication, distribution, etc. 1967.
300 ## - PHYSICAL DESCRIPTION
Pagination xxi, 388 p. (10 fold),
Illustrations 19 plates, col. illus., 5 col. maps.
Size 26 cm.
350 ## - PRICE (NR) (BK AM CF MU VM SE) [OBSOLETE]
Price £5/16/6
504 ## - BIBLIOGRAPHY, ETC. NOTE
Bibliography, etc Bibliography: p. [359]-369.
651 #0 - SUBJECT ADDED ENTRY--GEOGRAPHIC NAME
Geographic name Malaya
General subdivision Economic conditions.
9 (RLIN) 8377
942 ## - ADDED ENTRY ELEMENTS (KOHA)
Source of classification or shelving scheme Dewey Decimal Classification
Koha item type Books
Holdings
Lost status Source of classification or shelving scheme Damaged status Not for loan Collection code Permanent Location Current Location Shelving location Date acquired Source of acquisition Cost, normal purchase price Total Checkouts Full call number Date last seen Copy number Koha item type
  Dewey Decimal Classification     Non-fiction Central Library, University of Rajshahi Central Library, University of Rajshahi   07/04/1970 Zeitlinger 116.00   330.9595 CHE 1967 12/12/2013 C-2 Books
  Dewey Decimal Classification   Not For Loan Non-fiction Central Library, University of Rajshahi Central Library, University of Rajshahi Reading Room 07/04/1970 Zeitlinger 116.00   330.9595 CHE 1967 12/12/2013 C-1 Books
  Dewey Decimal Classification     Non-fiction Central Library, University of Rajshahi Central Library, University of Rajshahi   15/08/1970 Zeitlinger 75.00   330.9595 CHE 1967 12/12/2013 C-3 Books